| 000 | 01066cam a2200277 4500 | ||
|---|---|---|---|
| 020 | _a9789742866143 (v. 10, pt. 1) | ||
| 020 | _a9789742867881 (v. 10, pt. 2) | ||
| 020 | _a9789742867898 (v. 10, pt. 3) | ||
| 020 | _a9789742868741 (v. 10, pt. 4) | ||
| 020 | _a9789742868932 (v. 11, pt. 1) | ||
| 020 | _a9789742869809 (v. 11, pt. 2) | ||
| 020 | _a9786163160515 (v. 11, pt. 3) | ||
| 020 | _a9789742869083 (v. 12, pt. 1) | ||
| 020 | _a9786163162885 (v. 13, pt. 1) | ||
| 040 | _cDLC | ||
| 082 | 0 | 0 | _a581 ASR 1997 C141 Or. |
| 245 | 0 | 0 | _aFlora of Thailand / |
| 260 |
_aBangkok : _bApplied Scientific Research Corporation of Thailand, _c<1970-2015> |
||
| 300 |
_a<v. 2, pts. 1-3; v. 4, pt. 1; v. 5, pt. 1-4; v. 6, pt. 1-4 in 6; v. 7, pt. 1-4; v. 8, pt. 1-2; v. 9, pt. 1-4; v. 10, pt. 1-4; v. 11, pt. 1-3; v. 12, pt. 1; v. 13, pt. 1> : _bill., map ; _c27 cm. |
||
| 500 | _aCover title. | ||
| 500 | _aLater v. published by: Forest Herbarium, Royal Forest Dept. | ||
| 650 | 0 | _aBotany | |
| 700 | 0 | _aTem Smitinand. | |
| 700 | 1 | _aLarsen, Kai. | |
| 942 | _cAEDBB | ||
| 999 |
_c18294 _d18294 |
||